000 00932nam a22001937a 4500
003 OSt
005 20251217084636.0
008 251217b |||||||| |||| 00| 0 eng d
040 _cDCL
082 _a၂၉၄.၃၈၂၄၇
100 0 _aမောင်ကြီး၊
_cဦး၊ လယ်တီပဏ္ဍိတ-
245 0 0 _aပဋ္ဌာန်းအမေးအဖြေ /
_cလယ်တီပဏ္ဍိတဦးမောင်ကြီး။
250 _aတတိယအကြိမ်။
260 _aရန်ကုန် ၊
_bဇော်ဂျီဖိုလ်ဝင်စာအုပ်တိုက်၊
_c၂၀၂၂။
300 _aည၊ ၁၃၈ စာမျက်နှာ ၊
_c၁၈ စင်တီ။
504 _aကျမ်းကိုးစာရင်းပါဝင်သည်။
650 _aပဋ္ဌာန်း။
942 _2ddc
_cSHORT TERM
_n0
999 _c2741
_d2741